| 000 | 00666nam a22002057i 4500 | ||
|---|---|---|---|
| 999 |
_c22985 _d22985 |
||
| 003 | AR-CdUCM | ||
| 008 | 240813b20212021 sp||||| |||| 00| 0 spa d | ||
| 020 | _a978-84-18824-14-2 | ||
| 040 |
_aMUNICIPALIDAD PROVINCIAL DEL CUSCO _cBIBLIOTECA MUNICIPAL DEL CUSCO |
||
| 082 |
_aEP / 869.56 / B45B _bB45B |
||
| 100 |
_aBernáldez, Carmen. _950185 |
||
| 245 | _aEl Bosque que esconde un cuento / | ||
| 260 |
_aEspaña : _bEditorial Gunis, _c2021 |
||
| 300 |
_a47 páginas. : _bIlustraciones a color, _c26 cm. |
||
| 650 |
_aLiteratura infantil _9588 |
||
| 650 |
_aCuento _94671 |
||
| 650 |
_aRazonamiento verbal _950186 |
||
| 942 |
_2ddc _cLIBROS |
||
| 945 |
_apbj _d2024-08-13 |
||